Acquisition , Display and Enhancement of Thermal Imaging System (Record no. 327027)
[ view plain ]
| 000 -LEADER | |
|---|---|
| fixed length control field | 00392 a2200133 4500 |
| 001 - CONTROL NUMBER | |
| control field | 91954 |
| 082 ## - DEWEY DECIMAL CLASSIFICATION NUMBER | |
| Classification number | PR 1726 |
| 090 ## - LOCALLY ASSIGNED LC-TYPE CALL NUMBER (OCLC); LOCAL CALL NUMBER (RLIN) | |
| -- | 43901 |
| -- | 43900 |
| 100 ## - MAIN ENTRY--PERSONAL NAME | |
| Personal name | Akunzada Ilyas and Nizam Uddin; Prof Abdul Rehman,M., Advisor |
| 245 ## - TITLE STATEMENT | |
| Title | Acquisition , Display and Enhancement of Thermal Imaging System |
| Number of part/section of a work | 64 "B" EC |
| 260 ## - PUBLICATION, DISTRIBUTION, ETC. | |
| Place of publication, distribution, etc. | Rawalpindi |
| Name of publisher, distributor, etc. | NUST |
| Date of publication, distribution, etc. | 2008 |
| 300 ## - PHYSICAL DESCRIPTION | |
| Extent | 70p |
| 500 ## - GENERAL NOTE | |
| General note | BE Projec Report |
| 942 ## - ADDED ENTRY ELEMENTS (KOHA) | |
| Institution code [OBSOLETE] | CAE NUST |
| Call number prefix | PR 1726 |
| Withdrawn status | Lost status | Damaged status | Not for loan | Collection code | Permanent Location | Current Location | Date acquired | Total Checkouts | Full call number | Barcode | Date last seen | Price effective from | Koha item type |
|---|---|---|---|---|---|---|---|---|---|---|---|---|---|
| College of Aeronautical Engineering (CAE) | College of Aeronautical Engineering (CAE) | 04/03/2017 | PR 1726 | CAEPR-1726 | 04/05/2017 | 04/05/2017 | Book |
